000 00769nam a2200193Ia 4500
005 20250508163354.0
008 008 250505s9999 xx 000 0 eng d
037 _aTextual
040 _aFEDL
_beng
_cFEDL
041 _aeng
_2eng
084 _a507, UNE
_qFEDL
245 0 _aCurriculum development: Linking science education to life
245 0 _cUnesco: Regional Office for Education in Asia and the Pacific
260 _aBangkok, Thailand
_bUNESCO Regional Office for Education in Asia and the Pacific
_c1981
300 _a74p
546 _aReport of a sub-regional workshop on designing and developing innovative science curriculum and instructional materials Bangkok, 8-20 December 1980
942 _cTEXL
_h507, UNE
999 _c1382636
_d1382636